000 02678nam a2200541 4500
001 000
003 000
005 20150414094810.0
007 000
008 780405d19731978enkar 0 a0eng c
010 _a 81643011
_zsn 78006869
016 7 _a8103454
_2DNLM
016 7 _aA53800000
_2DNLM
016 7 _a010459124
_2Uk
022 0 _a0308-6003
_l0308-6003
_2z
030 _aCSAAAE
035 _a(OCoLC)ocm03779739
040 _aUOEL
_cNIC
_dNSDP
_dInU
_dOCoLC
_dInU
_dDLC
_dNSDP
_dDLC
_dNST
_dNSDP
_dNST
_dDLC
_dNSDP
_dNST
_dOCoLC
_dNST
_dMH
_dNST
_dDNLM
_dOCoLC
_dCU-S
_dOCoLC
_dUKMGB
_dViRCU
042 _apcc
_ansdp
050 0 0 _aQD1
_b.C3
060 0 0 _aW1
_bAN769GSA
082 4 _a546/.05
210 0 _aAnnu. rep. prog. chem. Sect. A. Phys. & inorg. chem.
222 0 _aAnnual reports on the progress of chemistry. Section A. Physical and inorganic chemistry
245 0 0 _aAnnual reports on the progress of chemistry.
_nSection A,
_pPhysical and inorganic chemistry.
246 1 4 _aAnnual reports. A
260 _aLondon :
_bChemical Society,
_cc1974-c1979.
300 _a6 v. :
_bill. ;
_c23 cm.
310 _aAnnual
362 0 _aVol. 70 (1973)-v. 75 (1978).
510 0 _aChemical abstracts
_x0009-2258
530 _aAlso issued online.
580 _aSplit into: Annual reports on the progress of chemistry. Section A, Inorganic chemistry; and, Annual reports on the progress of chemistry. Section C, Physical chemistry.
590 _aSERBIB/SERLOC merged record
650 0 _aChemistry, Inorganic
_vPeriodicals.
650 0 _aChemistry, Physical and theoretical
_vPeriodicals.
650 2 _aChemistry
_vPeriodicals.
650 2 _aChemistry, Physical
_vPeriodicals.
710 2 _aChemical Society (Great Britain)
776 0 8 _iOnline version:
_tAnnual reports on the progress of chemistry. Section A, Physical and inorganic chemistry
_w(OCoLC)609595467
780 0 0 _tAnnual reports on the progress of chemistry. Section A, General, physical, and inorganic chemistry
_x0069-3022
_w(DLC) 81643008
_w(OCoLC)1588096
785 1 6 _tAnnual reports on the progress of chemistry. Section A, Inorganic chemistry
_x0260-1818
_w(DLC) 81643012
_w(OCoLC)7093197
785 1 6 _tAnnual reports on the progress of chemistry. Section C, Physical chemistry
_x0260-1826
_w(DLC) 81643013
_w(OCoLC)7102763
906 _a7
_bcbc
_cserials
_d2
_encip
_f19
_gn-oclcserc
936 _a1978
942 _2lcc
_cLL
999 _c4805
_d4805